00660nam a2200253Ia 4500008004000000020001800040041000800058082001700066100002000083245010100103260004400204300001100248650000900259650001000268650001300278650001300291650001300304650001100317650000800328650001700336650002300353650001100376700001900387210210b2020 xxu||||| |||| 00| 0 eng d a9789353940331 aeng a338.954 SRII aSRIRANGAM (Ram) aIndian economy:principles policies and progressbfor UPSC and state cilvil services examinations aNoidabPearson Education Pvt Ltd.c2020 axx,432 aUPSC astate aservices aprogress apolicies aIndian afor aexaminations aeconomy:principles acilvil aKUMAR (Manish)